| 000 | 01273nam0a22002531 4500 | ||
|---|---|---|---|
| 001 | rc\4146454 | ||
| 005 | 20130415182632.5 | ||
| 035 | _a(NLR Aleph) 007990698 | ||
| 090 |
_a8577704 _c8577704 |
||
| 100 | _a20130415a19489999|||y0rusy50 ca | ||
| 101 | 0 | _arus | |
| 102 | _aRU | ||
| 105 | _ay z ||||| | ||
| 200 | 1 |
_aТруды Ростовской областной научно-исследовательской ветеринарной опытной станции _fРед. коллегия. Отв. ред.: канд. вет. наук. К.Ф. Музафаров _gРостовская обл. научно-исслед. ветеринарная опытная ст. Т. 9- |
|
| 210 |
_aРостов-на-Дону _cРостиздат _d1948- |
||
| 215 | _d20 | ||
| 702 | 1 |
_aМузафаров _bК. Ф. _4340 |
|
| 710 | 1 | 2 | _aРостовская обл. научно-исследовательская ветеринарная станция |
| 801 | 0 |
_aRU _bNLR _gpsbo |
|
| 801 | 1 |
_aRU _bELAR _2rusmarc |
|
| 830 | _aПеречень имеющихся в библиотеке томов, номеров, годов этого издания смотри в каталоге периодических изданий | ||
| 852 |
_aNLR _jП13/365 |
||
| 942 | _cBOOK | ||
| 980 | _aNB | ||